| 000 | 00771cam a2200241 i 4500 | ||
|---|---|---|---|
| 001 | 113449 | ||
| 005 | 20230410143110.0 | ||
| 008 | 131008b2013 dr a 000 0 spa | ||
| 041 | 0 | _aspa | |
| 050 | 1 | 4 | _abB174d |
| 082 | 0 | 0 | _a923.2 |
| 100 | 1 |
_aBalcácer, Juan Daniel, _d1949- |
|
| 245 | 1 | 0 |
_aDuarte nunca fue excomulgado / _cJuan Daniel Balcácer; edición José Chez Checo |
| 260 |
_aSanto Domingo : _bEditora Búho, _c2013. |
||
| 300 |
_a102 p. : _c21 cm. |
||
| 440 | 0 | _aBanco Central de la República Dominicana | |
| 600 | 1 | 0 | _aDuarte, Juan Pablo, 1813-1876-Critica e interpretación |
| 650 | 0 | _aIglesia y estado | |
| 650 | 0 | _aExcommunication. | |
| 650 | 4 |
_aExcomunión _zRepública Dominicana _vCasos. |
|
| 700 | 1 | _aChez Checo, José, ed. | |
| 942 |
_2lcc _cbk |
||
| 999 |
_c95708 _d95708 |
||